terraria weapon puzzle - Statistics

General Stats
  • This quiz has been taken 18 times
  • The average score is 10 of 30
Answer Stats
Hint Answer % Correct
๐ŸŒโš”๏ธ terra blade
79%
๐Ÿค๐Ÿฆˆ minishark
71%
๐ŸŒง๏ธ๐Ÿช„ nimbus rod
71%
๐Ÿƒโš”๏ธ blade of grass
64%
๐Ÿคช๐Ÿ”ช psycho knife
57%
๐ŸงŸ๐Ÿ’ช zombie arm
57%
๐Ÿฅทโš”๏ธ katana
50%
๐ŸŽธโœจ stellar tune
50%
๐Ÿง›โ€โ™€๏ธ๐Ÿธ vampire frog staff
50%
๐Ÿ๐Ÿ’ฃ beenade
43%
๐Ÿบ๐Ÿ–๏ธ ale tosser
36%
๐Ÿ’Ž๐Ÿช„ diamond staff
36%
๐Ÿง‘โ€๐ŸŽ„๐Ÿ”ฅ elf melter
36%
๐Ÿคดโš”๏ธ excalibur
36%
๐Ÿ‘ฝ๐Ÿ”ซ space gun
36%
โšก๐Ÿ electric eel
29%
โ˜ ๏ธ๐Ÿƒ killing deck
29%
๐Ÿ’ก๐Ÿ“€ light disk
29%
๐Ÿช’โ›ˆ๏ธ razorblade typhoon
29%
๐Ÿฉธ๐Ÿ”ช bloody machete
21%
๐Ÿ•‘๐Ÿ”ซ clockwork assault rifle
21%
๐Ÿ‚๐Ÿ˜ฎโ€๐Ÿ’จ leaf blower
21%
๐Ÿณ๏ธโ€๐ŸŒˆโš”๏ธ starlight
21%
๐Ÿช„๐ŸŒŽ staff of earth
14%
๐ŸŒช๏ธ๐Ÿ“– tome of infinite wisdom
14%
โฌ›๐Ÿง‘โ€๐ŸŒพ dark harvest
7%
๐Ÿ”ฅ๐Ÿชฝ hellwing bow
7%
๐ŸŒ•๐Ÿšช lunar portal staff
7%
โญ๐Ÿ’ฅ starcrash
7%
๐Ÿงšโ€โ™€๏ธโš”๏ธ terraprisma
7%
No matching quizzes found
Score Distribution
Percent of People with Each Score
Percentile by Number Answered
Your Score History
You have not taken this quiz